00646nam a2200181 a 450000100100000000500170001000800410002702000150006804000250008310000270010824500940013525000110022926000350024030000290027570000320030495201110033699900170044700004006220201002033908.0130805s1981 sp a 000 0 spa d a8423927121 aDO-SdBNPbspacBNPHU1 aRobles, Antonio96631710aCuentos de las cosas que hablan /cAntoniorrobles ; ilustraciones de Juan Ramón Alonso. a2a ed. aMadrid :bEspasa-Calpe,c1981. a183 p. :bils. ;c18 cm.1 aAlonso, Juan Ramón966318 001054708MOaGRbGRcCTd2013-08-05iLF1l0o p40062-10r2020-06-25w2020-06-25y4ZPréstamo en sala c39552d39552